Science Quiz

Random Science or Nintendo Quiz

Human Facial Bones Quiz Stats

 Plays Quiz not verified by Sporcle

Challenge
Share
Tweet
Embed
Score 0/8 Timer 03:00
0 Plays Today
Bone % Correct
mandible
94.7%
zygomatic
88%
nasal
85.7%
maxilla
78.5%
vomer
73%
lacrimal
66%
palatine
63.6%
inferior nasal conchae
34.9%

You're not logged in!

Compare scores with friends on all Sporcle quizzes.
OR
Log In

You Might Also Like...

Show Comments

Extras

Created Dec 24, 2009ReportNominate
Tags:Nintendo Quiz, bones, facial, human

Top Quizzes Today


Score Distribution

Your Account Isn't Verified!

In order to create a playlist on Sporcle, you need to verify the email address you used during registration. Go to your Sporcle Settings to finish the process.

Report this User

Report this user for behavior that violates our Community Guidelines.

Details: